Vyhodnotenie vybraných parametrov biologického odstraňovania dusíka na čistiarňach odpadových vôd - granulácia denitrifikačnej masy

Saved in:
Bibliographic Details
Main Author: Havlíková, Zuzana, 1944-
Format: Software Book
Language:Slovak
Published: Bratislava STU FCHPT 2007
Online Access:View in OPAC
Tags: Add Tag
No Tags, Be the first to tag this record!

MARC

LEADER 00000nam a2200000 a 4500
005 20260127134113.0
007 co ugu
008 060607 2006 xo 000 0 slo d
035 |a vtls009085125 
039 9 |a 201902211415  |b AUTHORITY  |y 200708031230  |z mschk03 
040 |a STUSCHK1  |b slo  |c STUSCHK1  |e AACR2 
100 1 |a Havlíková, Zuzana,  |d 1944-  |9 232 
245 1 |a Vyhodnotenie vybraných parametrov biologického odstraňovania dusíka na čistiarňach odpadových vôd - granulácia denitrifikačnej masy  |c Zuzana Havlíková 
260 |a Bratislava  |b STU FCHPT  |c 2007 
500 |a Obháj.: 4.6. 2007 
500 |a Špec.: Chémia a technológia životného prostredia 
500 |a Ústav chemického a environmentálneho inžinierstva 
500 |a Diplomová práca na CD-ROMe 
910 |a SCHK95 
999 |c 4167  |d 4167